[Event "Challenge"]
[Site "http://www.queenalice.com/game.php?id=845034"]
[Date "2010.10.13"]
[Round "-"]
[White "Taiur"]
[Black "mickeymouse"]
[Result "1-0"]
[WhiteElo "1582"]
[BlackElo "1258"]

1. d4 Nf6 2. c3 Nc6 3. Nf3 d6 4. Bg5 Bg4 5. Qb3 e6 6. Qxb7 Bxf3 7. exf3 Na5 8.
Qb5+ c6 9. Qa4 Rb8 10. b4 Nd5 11. Bxd8 Rxd8 12. Qxa5 Nb6 13. Qxa7 Nc4 14. Bxc4
1-0

[Event "Challenge"]
[Site "http://www.queenalice.com/game.php?id=846898"]
[Date "2010.10.16"]
[Round "-"]
[White "Taiur"]
[Black "killaredwolfman"]
[Result "1-0"]
[WhiteElo "1607"]
[BlackElo "1543"]

1. d4 g6 2. e4 e6 3. Nf3 Bg7 4. Bg5 Bf6 5. Qd2 c6 6. Bh6 g5 7. Bxg5 h6 8. Bf4 d6
9. Be2 e5 10. dxe5 dxe5 11. Qxd8+ Bxd8 12. Bxe5 Bf6 13. Bc4 Bxe5 14. Nxe5 1-0

[Event "Challenge"]
[Site "http://www.queenalice.com/game.php?id=847340"]
[Date "2010.10.17"]
[Round "-"]
[White "sunking"]
[Black "Taiur"]
[Result "0-1"]
[WhiteElo "1562"]
[BlackElo "1691"]

1. d4 d5 2. Nc3 c6 3. Nf3 g6 4. Bg5 Qb6 5. b3 Bg7 6. e3 Bg4 7. Be2 Bxf3 8. Bxf3
e5 9. dxe5 Bxe5 10. Qd3 Qb4 11. O-O Qxc3 12. Rad1 Nd7 13. Bf4 Qb2 14. h3 Ngf6
0-1

[Event "Challenge"]
[Site "http://www.queenalice.com/game.php?id=848716"]
[Date "2010.10.21"]
[Round "-"]
[White "tucuman"]
[Black "Taiur"]
[Result "0-1"]
[WhiteElo "1600"]
[BlackElo "1746"]

1. c4 g6 2. e4 Nc6 3. d3 Bg7 4. a3 Nf6 5. h3 e6 6. Nc3 O-O 7. Nf3 d5 8. cxd5
exd5 9. e5 Re8 10. d4 Ne4 11. Be2 Nxc3 12. Qd2 Nxe2 13. Qxe2 b6 14. O-O Bb7 15.
Rb1 Qc8 16. Be3 Nb8 17. h4 Ba6 18. Ng5 Bxe2 19. Rfe1 Qg4 20. g3 h6 21. Nh3 Bf3
22. Kh2 g5 23. Rg1 gxh4 24. gxh4 Qxh4 25. Rg3 Bg4 26. Rbg1 f5 27. Kg2 Bxh3+ 28.
Rxh3 Qg4+ 29. Rg3 Qe2 30. Bxh6 Re7 31. Bg5 Rd7 32. Bf6 Kf8 33. Kh2 Bxf6 34. exf6
Kf7 35. Rg7+ Ke6 36. Rxd7 Qh5+ 37. Kg2 Nxd7 38. Kf1 Nxf6 39. Ke1 Re8 40. Kf1 Kd6
41. Rg2 Qe2+ 42. Kg1 Qe1+ 43. Kh2 Rh8+ 44. Kg3 Ne4+ 45. Kf3 Nd2+ 46. Kg3 Ke6 47.
Kf4 Qe4+ 48. Kg5 Qh4+ 49. Kg6 Rg8# 0-1

[Event "Challenge"]
[Site "http://www.queenalice.com/game.php?id=849986"]
[Date "2010.10.24"]
[Round "-"]
[White "Taiur"]
[Black "betofortaleza"]
[Result "1-0"]
[WhiteElo "1788"]
[BlackElo "1788"]

1. d4 d5 2. c3 Bf5 3. Nf3 e6 4. Qb3 b6 5. Bf4 Bd6 6. Be5 f6 7. Qa4+ Qd7 8. Qxd7+
Kxd7 9. Bxd6 Kxd6 10. e3 Nc6 11. Ba6 Be4 12. Nbd2 Bg6 13. Bb7 Rb8 14. Bxc6 Kxc6
15. O-O Ne7 16. c4 Be4 17. Nxe4 dxe4 18. Nd2 f5 19. b4 a6 20. a4 Kd7 21. h3 h5
22. Ra2 Nc6 23. Rb2 g5 24. Rc1 a5 25. bxa5 bxa5 26. Rb5 Ra8 27. Rcb1 Nb4 28. c5
Ra7 29. Nc4 c6 30. Rxa5 Rxa5 31. Nxa5 Na2 32. Rb7+ Kc8 33. Re7 Rh6 34. Nxc6 Nc3
35. a5 Nd5 36. Rg7 g4 37. hxg4 hxg4 38. a6 e5 39. a7 Nc7 40. Nxe5 Ra6 41. g3
Rxa7 42. Rf7 Ra1+ 43. Kg2 Nd5 44. Rxf5 Ne7 45. Rf8+ Kc7 46. Nxg4 Ng6 47. Re8 1-0

[Event "Challenge"]
[Site "http://www.queenalice.com/game.php?id=850908"]
[Date "2010.10.26"]
[Round "-"]
[White "brunooc"]
[Black "Taiur"]
[Result "1-0"]
[WhiteElo "1500"]
[BlackElo "1845"]

1. e4 e5 2. Nf3 Nc6 3. Bb5 Nd4 4. Nxd4 exd4 5. O-O c6 6. Bc4 Bd6 7. c3 Qb6 8.
Qg4 Kf8 9. Re1 Qc5 10. d3 Be5 11. b4 Qe7 12. f4 d5 13. Qg3 Bxf4 14. Bxf4 dxc4
15. Bd6 cxd3 16. Bxe7+ Nxe7 17. Qxd3 dxc3 18. Qd8# 1-0

[Event "Challenge"]
[Site "http://www.queenalice.com/game.php?id=852400"]
[Date "2010.10.30"]
[Round "-"]
[White "Taiur"]
[Black "Zarathustra"]
[Result "0-1"]
[WhiteElo "1645"]
[BlackElo "1951"]

1. d4 Nf6 2. Nc3 d5 3. Bf4 Nc6 4. Nb5 e5 5. dxe5 Nh5 6. Qd2 Bb4 7. c3 Nxf4 8.
Qxf4 Be7 9. Qg3 O-O 10. Nf3 a6 11. Nbd4 Nxd4 12. Nxd4 c5 13. Nb3 Bf5 14. e3 b6
15. Rd1 f6 16. Be2 Ra7 17. c4 Rd7 18. Rd2 dxc4 19. Bxc4+ Kh8 20. Rxd7 Qxd7 21.
Bxa6 Ra8 22. Bc4 Rxa2 23. O-O Rxb2 24. exf6 Bxf6 25. Nc1 b5 26. Be2 c4 27. Rd1
Qc8 28. Bf3 c3 29. e4 c2 30. Re1 Be6 31. e5 Be7 32. Qf4 Rb1 33. Re2 b4 0-1

[Event "Challenge"]
[Site "http://www.queenalice.com/game.php?id=852433"]
[Date "2010.10.30"]
[Round "-"]
[White "edemarc"]
[Black "Taiur"]
[Result "0-1"]
[WhiteElo "1461"]
[BlackElo "1669"]

1. e4 d6 2. Nc3 e5 3. Nd5 c6 4. Ne3 Nf6 5. d3 g6 6. Nf3 Bg7 7. h3 O-O 8. g4 Na6
9. Ng5 d5 10. Qf3 d4 11. Nc4 h6 12. Nxe5 hxg5 13. Bxg5 Qd6 14. Nc4 Qb4+ 15. Bd2
Qb5 16. a4 Qc5 17. e5 Ne8 18. Rb1 Bxe5 19. Bf4 Bxf4 20. Qxf4 Be6 21. h4 Qb4+ 22.
Kd1 Qxa4 23. Qxd4 Nb4 24. Na3 Nc7 25. Qc5 Bxg4+ 26. Be2 Ne6 27. Qc4 Bxe2+ 28.
Kxe2 Rfe8 29. Kf1 Qa5 30. Rg1 Nd5 31. Rg4 Nec7 32. c3 Re6 33. h5 Rf6 34. Re1 Qb6
35. Re2 Ne3+ 36. Rxe3 Qxe3 37. Rg2 Qc1+ 38. Ke2 Re8+ 39. Qe4 Qxb2+ 40. Kf1 Rxe4
41. Nc4 Qc1# 0-1

[Event "Challenge"]
[Site "http://www.queenalice.com/game.php?id=854056"]
[Date "2010.11.3"]
[Round "-"]
[White "betofortaleza"]
[Black "Taiur"]
[Result "1-0"]
[WhiteElo "1741"]
[BlackElo "1639"]

1. e4 c5 2. Bc4 e6 3. Nc3 Nf6 4. d3 d5 5. Bb5+ Bd7 6. Bxd7+ Nbxd7 7. Bg5 Qb6 8.
b3 dxe4 9. dxe4 Qb4 10. Ne2 Nxe4 11. Bd2 Bd6 12. O-O Be5 13. Nxe4 Qxe4 14. Bc3
O-O 15. Ng3 Bxg3 16. fxg3 Qe3+ 17. Kh1 Nb6 18. Rf3 Qe4 19. Rf4 Qc6 20. Qg4 g6
21. Qg5 f5 22. Qe7 Rf7 23. Qg5 Rd8 24. g4 Rd3 25. Bf6 Rd2 26. Rf3 Rxc2 27. Rd1
Nd5 28. Be5 Qb5 29. gxf5 Qe2 30. Rdf1 Qxe5 31. Qd8+ Rf8 32. Qd7 Rxf5 33. Qe8+
Kg7 34. Qd7+ Kf6 35. Qxh7 Rxf3 36. gxf3 Qe2 37. Qh4+ g5 38. Qh6+ Kf5 39. Qh3+
Kf4 40. Qg4+ Ke5 41. f4+ gxf4 42. Qg5+ Kd4 43. Qg1+ Ne3 44. Rxf4+ Kc3 45. h4 Ng2
46. Rc4+ 1-0

[Event "Pampa"]
[Site "http://www.queenalice.com/game.php?id=858400"]
[Date "2010.11.13"]
[Round "-"]
[White "toniteacher"]
[Black "Taiur"]
[Result "1-0"]
[WhiteElo "1724"]
[BlackElo "1752"]

1. c4 e5 2. e4 Nf6 3. Nc3 c6 4. Nf3 g6 5. d3 d6 6. Bg5 Bg7 7. Be2 Qb6 8. b3 O-O
9. Na4 Qc7 10. O-O Na6 11. Qe1 d5 12. cxd5 cxd5 13. Rc1 Qd6 14. exd5 Nxd5 15.
Qd2 Re8 16. Rfd1 Be6 17. Nc3 1-0

[Event "November06"]
[Site "http://www.queenalice.com/game.php?id=859388"]
[Date "2010.11.15"]
[Round "-"]
[White "Taiur"]
[Black "Slava"]
[Result "0-1"]
[WhiteElo "1686"]
[BlackElo "1897"]

1. d4 d5 2. Nf3 Nc6 3. g3 b6 4. Bg2 Nf6 5. c3 Bb7 6. Qa4 Qd7 7. Qb5 O-O-O 8. Qb3
h5 9. Ng5 e6 10. Qc2 h4 11. Bf4 hxg3 12. Bxg3 Nh5 13. Qd3 f6 14. Nf3 Nxg3 15.
fxg3 e5 16. e3 e4 0-1

[Event "Challenge"]
[Site "http://www.queenalice.com/game.php?id=862200"]
[Date "2010.11.22"]
[Round "-"]
[White "tatianamilu"]
[Black "Taiur"]
[Result "1-0"]
[WhiteElo "1768"]
[BlackElo "1685"]

1. d4 d5 2. Nf3 g6 3. e3 Nf6 4. c3 c6 5. Nbd2 Bg7 6. Bd3 Qd7 7. h3 Qe6 8. Qe2
O-O 9. Ng5 Qd6 10. e4 dxe4 11. Ngxe4 Nxe4 12. Nxe4 Qd5 13. Bc4 Qa5 14. O-O e5
15. dxe5 Qxe5 16. Ng3 Qxe2 17. Bxe2 Be6 18. Be3 b6 19. Bf3 Bc4 20. Rfd1 Bb5 21.
a3 Na6 22. a4 Bc4 23. Bxc6 Rac8 24. Bb5 Bxb5 25. axb5 Nc7 26. Rxa7 1-0

[Event "Challenge"]
[Site "http://www.queenalice.com/game.php?id=865676"]
[Date "2010.11.30"]
[Round "-"]
[White "colatina"]
[Black "Taiur"]
[Result "1-0"]
[WhiteElo "1921"]
[BlackElo "1704"]

1. e4 c5 2. Nf3 d6 3. d4 cxd4 4. Nxd4 Nf6 5. Nc3 Qa5 6. Nb5 Nxe4 7. Bd2 Qb6 8.
Nxe4 Bd7 9. Qe2 a6 10. Nexd6+ Kd8 11. Nxf7+ Ke8 12. Nbd6+ Qxd6 13. Nxd6+ 1-0

[Event "Challenge"]
[Site "http://www.queenalice.com/game.php?id=867381"]
[Date "2010.12.4"]
[Round "-"]
[White "Slava"]
[Black "Taiur"]
[Result "1-0"]
[WhiteElo "1841"]
[BlackElo "1661"]

1. e4 c5 2. Nf3 Nc6 3. Bc4 e6 4. d4 Qa5+ 5. Nc3 cxd4 6. Nxd4 Ne5 7. Bd3 a6 8. f4
Bb4 9. Ne2 Nc6 10. a3 Nh6 11. Bd2 Bxc3 12. Bxc3 1-0

[Event "Invitation"]
[Site "http://www.queenalice.com/game.php?id=1305688"]
[Date "2014.9.2"]
[Round "-"]
[White "Taiur"]
[Black "MonteiroM"]
[Result "0-1"]
[WhiteElo "1645"]
[BlackElo "2090"]

1. d4 Nf6 2. Nf3 e6 3. g3 b6 4. Bg2 Bb7 5. Nbd2 c5 6. c3 cxd4 7. cxd4 Bb4 8. O-O
Bxd2 9. Bxd2 O-O 10. Bc3 d6 11. Re1 Nbd7 12. Bb4 Ne4 13. Qd3 f5 14. Nd2 Ndf6 15.
f3 Nxd2 16. Qxd2 a5 17. Ba3 b5 18. b4 a4 19. e4 fxe4 20. fxe4 d5 21. e5 Ne4 22.
Bxe4 dxe4 23. Rad1 e3 24. Rxe3 Qd5 25. Qe2 Qh1# 0-1

[Event "Challenge"]
[Site "http://www.queenalice.com/game.php?id=1307291"]
[Date "2014.9.9"]
[Round "-"]
[White "betofortaleza"]
[Black "Taiur"]
[Result "0-1"]
[WhiteElo "1874"]
[BlackElo "1620"]

1. e4 c5 2. Bc4 e6 3. Nf3 Nc6 4. d3 h6 5. Be3 d5 6. exd5 exd5 7. Bb5 Bd7 8. Bxc6
Bxc6 9. d4 Qb6 10. b3 Nf6 11. O-O Bd6 12. Qd2 Ne4 13. Qc1 O-O 14. Bxh6 gxh6 15.
Qxh6 Be7 16. Nbd2 Bb5 17. Qxb6 axb6 18. Rfe1 Bc6 19. Nxe4 dxe4 20. Ne5 f5 21.
Nxc6 bxc6 22. dxc5 Bxc5 23. a4 Rf6 24. Rad1 Kf8 25. Rd7 Re8 26. Re2 f4 27. h4
Rh6 28. Rc7 Ree6 29. b4 Bxb4 30. f3 Bc5+ 31. Kh2 Rxh4# 0-1

[Event "Challenge"]
[Site "http://www.queenalice.com/game.php?id=1308865"]
[Date "2014.9.17"]
[Round "-"]
[White "Taiur"]
[Black "BobbySponja"]
[Result "0-1"]
[WhiteElo "1658"]
[BlackElo "1809"]

1. d4 Nf6 2. Nf3 e6 3. g3 d5 4. Bg2 c6 5. O-O Be7 6. Nc3 Nbd7 7. Re1 Nf8 8. Bg5
Ng6 9. a3 Ne4 10. Bxe7 Qxe7 11. Qd3 f5 12. Nd2 O-O 13. f3 Nd6 14. e4 Nc4 15.
Nxc4 dxc4 16. Qxc4 Kh8 17. Re3 f4 18. Re2 fxg3 19. hxg3 Bd7 20. Kf2 b5 21. Qd3
a5 22. Ree1 a4 23. Rh1 Rad8 24. Rh5 e5 25. d5 Qf6 26. Rah1 h6 27. Qe3 Kg8 28.
dxc6 Bxc6 29. Qe2 Nf4 30. gxf4 Qxf4 31. Rd1 Rxd1 32. Qxd1 Bxe4 33. Nxe4 Qxe4 34.
c3 Qg4 35. Qd5+ Kh8 36. Qxe5 Qg6 37. Qxb5 Qc2+ 38. Kg3 Qg6+ 39. Kf2 Qc2+ 40. Qe2
Qc1 41. Bh3 Rd8 42. Kg3 Qg1+ 43. Kh4 g5+ 44. Rxg5 Qxg5# 0-1

[Event "Challenge"]
[Site "http://www.queenalice.com/game.php?id=1310868"]
[Date "2014.9.27"]
[Round "-"]
[White "Taiur"]
[Black "kowal76"]
[Result "1-0"]
[WhiteElo "1645"]
[BlackElo "1581"]

1. d4 d5 2. Nf3 Bg4 3. Nbd2 Nc6 4. h3 Bxf3 5. Nxf3 Nf6 6. e3 Ne4 7. Bb5 a6 8.
Bxc6+ bxc6 9. Nd2 e6 10. Nxe4 dxe4 11. Bd2 Rb8 12. Bc3 Qg5 13. g3 Qb5 14. Qg4
Bb4 15. Qxg7 Ke7 16. Qg4 f5 17. Qf4 Bxc3+ 18. bxc3 Qb2 19. Qxc7+ Kf6 20. Kd2 Qb5
21. Rab1 Qxb1 22. Rxb1 Rxb1 23. Qe5+ 1-0

[Event "Challenge"]
[Site "http://www.queenalice.com/game.php?id=1311353"]
[Date "2014.9.29"]
[Round "-"]
[White "Taiur"]
[Black "goldenboy"]
[Result "1-0"]
[WhiteElo "1645"]
[BlackElo "2195"]

1. d4 d5 2. Nf3 c5 3. c3 cxd4 4. cxd4 Nc6 5. e3 Bg4 6. Nc3 e6 7. a3 Qa5 8. Bd2
Nf6 9. h3 Bh5 10. Be2 a6 11. Qb3 O-O-O 12. Ne5 Bxe2 13. Nxe2 Qc7 14. Rc1 Bd6 15.
Nxc6 bxc6 16. Qa4 Kb7 17. Ba5 Qd7 18. Qb3+ Ka8 19. Bxd8 Rxd8 20. Qb6 Qb7 21.
Qxd8+ Bb8 22. Rc2 1-0

[Event "Challenge"]
[Site "http://www.queenalice.com/game.php?id=1313381"]
[Date "2014.10.7"]
[Round "-"]
[White "Taiur"]
[Black "REIDID93"]
[Result "0-1"]
[WhiteElo "1661"]
[BlackElo "2029"]

1. d4 d5 2. Nf3 e6 3. Nbd2 c5 4. c3 Nc6 5. b3 Nf6 6. Bb2 Bd6 7. e3 a6 8. Bd3 O-O
9. O-O b5 10. c4 dxc4 11. bxc4 bxc4 12. Nxc4 cxd4 13. Nxd4 Ne5 14. Nxe5 Bxe5 15.
Rb1 Qd5 16. a3 Bb7 17. f3 Rfd8 18. Qe2 Qd6 19. f4 Bxd4 20. Bxd4 Be4 21. Rb3 Qd5
22. Rc3 Bxd3 23. Rxd3 Qf5 24. Rfd1 Ne4 25. g4 Qg6 26. Kg2 Rd5 27. g5 Rad8 28. h4
Qf5 29. Rh1 e5 30. fxe5 Nc5 31. Rdd1 Nb3 32. Qxa6 Nxd4 33. exd4 Qe4+ 34. Kf2
Rxd4 35. Kg3 Qxe5+ 36. Kh3 Qe3+ 37. Kh2 Rxh4+ 38. Kg2 Rg4+ 39. Kh2 Qg3# 0-1